000 01172nam a2200373 a 4500
003 AR-BaBNM
005 20251128204858.0
008 082120s2002 ||||||||||||||000 | spa||
020 _a84-7112-087-9
040 _cAR-BaBNM
100 1 _aKelly, William A.
245 0 0 _aPsicología de la educación
_bpsicopedagogía fundamental y didáctica : aplicaciones especiales y enseñanza programada
250 _a7ª ed.
260 _aMadrid
_bEdiciones Morata
_c1982
300 _axxxii, 683 p.
_bil.
490 0 _aPedagogía. Psicología pedagógica
500 _aNotas al final de cada capítulo
500 _aApéndice p. 557-667
500 _aIndice alfabético p. 668-683
650 4 _aPSICOLOGIA DE LA EDUCACION
650 4 _aALUMNOS
650 4 _aPSICOLOGIA DE LOS PROCESOS SENSORIALES
650 4 _aDESARROLLO DEL NIÑO
650 4 _aPROCESO DE APRENDIZAJE
650 4 _aMOTIVACION DEL ALUMNO
650 4 _aPRUEBAS DE INTELIGENCIA
650 4 _aCARACTER
650 4 _aDISCIPLINA
653 _aESTADISTICAS EDUCATIVAS
653 _aORIENTACION EDUCATIVA
700 1 _aGonzalvo Mainar, Gonzalo
_etraductor
942 _cBK
998 _cCarmen
999 _c9169
_d9169